Desde Nietzsche: tiempo, arte, política

محفوظ في:
التفاصيل البيبلوغرافية
المؤلف الرئيسي: Cacciari, Massimo (مؤلف)
التنسيق: كتاب
اللغة:الإسبانية
منشور في: Buenos Aires Biblos 1994
الموضوعات:
الوسوم: إضافة وسم
لا توجد وسوم, كن أول من يضع وسما على هذه التسجيلة!

MARC

LEADER 00000nam a2200000 a 4500
001 UCS3358
003 CL-VaPUC
008 970620e19940000AG |||||||||||||||||spa|d
082 0 4 |a 190  |b CAC  |2 21 
100 0 |a Cacciari, Massimo  |e author  |9 389419 
245 1 0 |a Desde Nietzsche: tiempo, arte, política 
300 |a 144 p 
942 |c BK 
945 |d 19970620 00:00:00  |a rleighto 
260 |a Buenos Aires  |b Biblos  |c 1994 
650 0 |a Filosofía occidental  |9 346905 
650 0 |a Estética   |9 264950 
583 |a last modification  |c 19970620 00:00:00  |k Rodrigo Vera 
999 |c 261095  |d 261093 
952 |0 0  |1 0  |4 0  |6 190_000000000000000_CAC_1994  |7 0  |8 A  |9 287905  |a BIBART  |b BIBART  |d 2019-11-19  |i 3325008  |o 190 CAC 1994  |p 3325008  |r 2025-03-13  |w 2019-11-19  |y BK  |k ART